00526nam a22001697a 450000500170000001000150001702000260003203500130005803700130007108200080008410000180009224500930011026000390020327000640024230000330030670000170033920140806152954.0 aENG-110032 a9789383379200c440.00 aEN-93565 bDBAD/PUB a574 aPatwal, Laxmi aNCERT xtract :bobjective biology for AIPMT/ NEET /cby Laxmi Patwal [and] Urooj Fatima aNew DelhibDisha Publicationc201? aB-32, Shivalik Main Road, Maliviya NagarbNew Delhie110017 aiv,446,55p:bill.c26cm(pbk) aUrooj Fatima